| 000 | 00722cam a22002533a 4500 | ||
|---|---|---|---|
| 001 | 4584 | ||
| 003 | PGUSA | ||
| 005 | 20140828083059.0 | ||
| 008 | 031001s2003||||xxu|||||s|||||000 | eng d | ||
| 040 |
_aPGUSA _beng |
||
| 042 | _adc | ||
| 050 | 4 | _aDC | |
| 100 | 1 |
_aAdams, Henry, _d1838-1918 |
|
| 245 | 1 | 0 |
_aMont-Saint-Michel and Chartres _h[electronic resource] / _cHenry Adams |
| 260 |
_bProject Gutenberg, _c2003 |
||
| 506 | _aPublic domain in the USA. | ||
| 516 | _aElectronic text | ||
| 653 | _aMont-Saint-Michel (Abbey : France) | ||
| 653 | _aCivilization, Medieval | ||
| 653 | _aCathédrale de Chartres | ||
| 830 | 0 |
_aProject Gutenberg _v4584 |
|
| 856 | 4 | 0 | _uhttp://www.gutenberg.org/ebooks/4584 |
| 942 | _cEB | ||
| 999 |
_c233913 _d233913 |
||